000
00477nam a2200181Ia 4500
008
090124s9999 xx 000 0 und d
082
_b
126749
100
_a
काळे वैजयंती.
245
_a
खानदान
250
_a
1
260
_c
1990
300
_a
260
600
_a
काळे वैजयंती.
630
_a
खानदान
700
_a
काळे वैजयंती.
730
_a
खानदान
942
_c
BOOK
999
_c
172839
_d
172839